| 000 | 01101nam0a22003131 4500 | ||
|---|---|---|---|
| 001 | v19\rc\1999144 | ||
| 005 | 20260406200445.0 | ||
| 035 | _a(NLR Aleph) 005074903 | ||
| 090 |
_a7134694 _c7134694 |
||
| 100 | _a20080811d1915 u y0rusy50 ca | ||
| 101 | 0 | _arus | |
| 102 | _aRU | ||
| 105 | _ay z ||||| | ||
| 200 | 1 |
_aСписок госпиталей, состоящих на учете Всероссийского земского союза на 1-е июня 1915 г. _fВсерос. зем. союз помощи больным и раненым воинам. Отд. эвакуации |
|
| 205 | _a2-е изд. | ||
| 210 |
_aМосква _d1915 |
||
| 215 |
_a430 с. разд. паг. _d25 |
||
| 710 | 0 | 2 |
_aВсероссийский земский союз _3RU\NLR\AUTH\889959950 _9416134 |
| 801 | 0 |
_aRU _bNLR _gpsbo |
|
| 801 | 0 |
_aRU _bRuMoRGB _2psbo |
|
| 801 | 1 |
_aRU _bProSoft-M _2rusmarc |
|
| 852 |
_aNLR _j37.77.2.26 |
||
| 899 |
_aRuMoRGB _jV 45/84 |
||
| 899 |
_aRuMoRGB _jU 279/24 |
||
| 899 |
_aRuMoRGB _jU 372/289 |
||
| 899 | _aБАН | ||
| 899 | _aГПИБ | ||
| 942 | _cBOOK | ||
| 980 | _aNB | ||